Do They Have a Knighthood? - Sudden Death - Statistics

General Stats
  • This quiz has been taken 54 times
    17 since last reset
  • The average score is 9 of 21
Answers on the Grid
Answers color-coded by a green-red scale on the quiz's grid according to % correct below.
Charles Dickens
Paul McCartney
Elton John
Kelly Holmes
Maggie Smith
Tony Blair
Helen Mirren
David Bowie
Patrick Stewart
George Orwell
John Lennon
Andy Murray
Margaret Thatcher
Ian Fleming
Christian Bale
Keir Starmer
Stephen Fry
Jane Goodall
Isaac Newton
Boris Johnson
Judi Dench
Glenda Jackson
Stephen Hawking
Mo Farah
Sean Connery
Walter Raleigh
J.K. Rowling
Charlie Chaplin
Freddie Mercury
Idris Elba
Charles Darwin
David Cameron
Oliver Cromwell
Agatha Christie
Vivienne Westwood
Mick Jagger
 
Answer Stats
Answer % Correct
Elton John
92%
Paul McCartney
85%
Andy Murray
54%
Helen Mirren
54%
Keir Starmer
54%
Maggie Smith
54%
Isaac Newton
46%
Judi Dench
46%
Kelly Holmes
46%
Mick Jagger
46%
Patrick Stewart
46%
Charlie Chaplin
38%
Mo Farah
38%
Sean Connery
38%
Walter Raleigh
38%
Stephen Fry
31%
Glenda Jackson
23%
Vivienne Westwood
23%
Agatha Christie
15%
Jane Goodall
15%
Tony Blair
8%
No matching quizzes found
Score Distribution
Percent of People with Each Score
Percentile by Number Answered
Your Score History
You have not taken this quiz since the last reset